000 01105cam a2200313 i 4500
999 _c41346
_d41346
001 17462316
003 OSt
005 20210720121503.0
008 120913s2014 caua b 001 0 eng
010 _a 2012949426
020 _a9781133956587
040 _aDLC
_beng
_cDLC
_erda
_dDLC
042 _apcc
050 0 0 _aBF121
_b.K26 2014
082 0 0 _a150
_223
_bKAL/I
100 1 _aKalat, James W.
_98650
245 1 0 _aIntroduction to psychology /
_cJames W. Kalat, North Carolina State University.
250 _a10e [edition].
264 1 _aBelmont, CA :
_bWadsworth Cengage Learning,
_c[2014]
300 _axxii, 617 pages :
_bcolor illustrations ;
_c28 cm
336 _atext
_2rdacontent
337 _aunmediated
_2rdamedia
338 _avolume
_2rdacarrier
504 _aIncludes bibliographical references (pages 541-585) and indexes.
650 0 _aPsychology
_vTextbooks.
906 _a7
_bcbc
_corignew
_d2
_eepcn
_f20
_gy-gencatlg
942 _2ddc
_cBK
_h150
_iKAL/I
_k150
_mKAL/I